书目信息 |
| 题名: |
PhotoStyler与 PhotoFinish基础与应用
|
|
| 作者: | 曹峰 主编 | |
| 分册: | ||
| 出版信息: | 北京 高等教育出版社 1999.06 |
|
| 页数: | 165页 | |
| 开本: | 16开 | |
| 丛书名: | ||
| 单 册: | ||
| 中图分类: | TP391.4 | |
| 科图分类: | ||
| 主题词: | 计算机应用 | |
| 电子资源: | ||
| ISBN: | 7-04-007139-8 | |
| 000 | 00588nam0 2200193 45 | |
| 001 | 0106181557 | |
| 005 | 20010618154837.7 | |
| 010 | @a7-04-007139-8@d17.60元 | |
| 100 | @a20010618d1999 km y0chiy0120 ea | |
| 101 | 0 | @achi |
| 105 | @a z 000yy | |
| 200 | 1 | @aPhotoStyler与 PhotoFinish基础与应用@APhotoStyler Yu PhotoFinish Ji Chu Yu Ying Yong@f曹峰主编@FCao Feng Zhu Bian |
| 210 | @a北京@c高等教育出版社@d1999.06 | |
| 215 | @a165页@d16开 | |
| 606 | 0 | @a计算机应用 |
| 690 | @aTP391.4@v3 | |
| 701 | 0 | @a曹峰@4主编 |
| 801 | @aCN@bPftUser@c20010618 | |
| 905 | @f5@b348532-536@dTP391.4@eC.266 | |
| PhotoStyler与 PhotoFinish基础与应用/曹峰主编.-北京:高等教育出版社,1999.06 |
| 165页;16开 |
| ISBN 7-04-007139-8:17.60元 |
| ● |
| 相关链接 |
|
|
|
正题名:PhotoStyler与PhotoFinish基础与应用
索取号:TP391.4/C.266
 
预约/预借
| 序号 | 登录号 | 条形码 | 馆藏地/架位号 | 状态 | 备注 |
| 1 | 348528 | 203485282 | 自科二线504/504自科库 5排1列2层/ [索取号:TP391.4/C.266] | 在馆 | |
| 2 | 348529 | 203485291 | 自科二线504/504自科库 5排1列2层/ [索取号:TP391.4/C.266] | 在馆 | |
| 3 | 348530 | 203485308 | 自科二线504/504自科库 5排1列2层/ [索取号:TP391.4/C.266] | 在馆 | |
| 4 | 348531 | 203485317 | 自科库301/422社科库 28排1列5层/ [索取号:TP391.4/C.266] | 在馆 | |
| 5 | 348532 | 203485326 | 期刊室512/301自科库 91排1列1层/ [索取号:TP391.4/C.266] | 在馆 |